00218nam a2200085Ia 4500008004100000100002100041245004400062260001700106260000900123170620s9999 xx 000 0 und d aSrivastava- S.C. 0aCharges & Discharges under criminal law bRajpal & Co. c2006